Changing the World Without Losing Your Mind, Revised Edition.

Bibliographic Details
Main Author: Counts, Alex.
Format: eBook
Language:English
Published: La Vergne : Rivertowns Books, 2021.
Edition:1st ed.
Subjects:
Online Access:Click to View
LEADER 02243nam a22003493i 4500
001 EBC6548607
003 MiAaPQ
005 20240826032710.0
006 m o d |
007 cr cnu||||||||
008 240826s2021 xx o ||||0 eng d
020 |a 9781953943040  |q (electronic bk.) 
035 |a (MiAaPQ)EBC6548607 
035 |a (Au-PeEL)EBL6548607 
035 |a (OCoLC)1246579116 
040 |a MiAaPQ  |b eng  |e rda  |e pn  |c MiAaPQ  |d MiAaPQ 
100 1 |a Counts, Alex. 
245 1 0 |a Changing the World Without Losing Your Mind, Revised Edition. 
250 |a 1st ed. 
264 1 |a La Vergne :  |b Rivertowns Books,  |c 2021. 
264 4 |c Ã2021. 
300 |a 1 online resource (213 pages) 
336 |a text  |b txt  |2 rdacontent 
337 |a computer  |b c  |2 rdamedia 
338 |a online resource  |b cr  |2 rdacarrier 
505 0 |a Intro -- Title Page -- Copyright Page -- Dedication -- Contents -- Foreword by Muhammad Yunus -- Introduction to the Revised Edition -- Why This Book? -- Part One: Getting Started -- 1. Deciding to Make a Difference -- 2. Choosing to Be Bold -- 3. First Lessons in Leadership -- 4. Learning to Tell My Story -- 5. Laying a Foundation -- 6. Running My Own Show -- Part Two: Learning to Lead -- 7. Fundraising as a Win/Win/Win Proposition -- 8. Managing Up -- 9. When Leadership Is a Struggle -- 10. Turning Points -- 11. Coping with Success -- 12. Building a Great Board -- 13. Forging Partnerships -- Part Three: Caring for Yourself -- 14. Life in Balance -- 15. Beginner's Mind -- 16. Learning Acceptance -- 17. Living Generously -- 18. Letting Go -- Epilogue: Leading in a Time of Crisis -- Acknowledgments -- Index -- About the Author. 
588 |a Description based on publisher supplied metadata and other sources. 
590 |a Electronic reproduction. Ann Arbor, Michigan : ProQuest Ebook Central, 2024. Available via World Wide Web. Access may be limited to ProQuest Ebook Central affiliated libraries.  
655 4 |a Electronic books. 
776 0 8 |i Print version:  |a Counts, Alex  |t Changing the World Without Losing Your Mind, Revised Edition  |d La Vergne : Rivertowns Books,c2021 
797 2 |a ProQuest (Firm) 
856 4 0 |u https://ebookcentral.proquest.com/lib/matrademy/detail.action?docID=6548607  |z Click to View